000 00449nam a22001697a 4500
003 NUST - PNEC
005 20170116180903.0
008 150902b xxu||||| |||| 00| 0 eng d
020 _a0070991642
040 _cLIBRARY
082 _a620.106 EVE
100 _96491
_a Evett,B Jack
245 _a2500 solved problems in fluid mechanics and hydraulics
_cJack B Evett
260 _cc 1989
650 _96493
_afluid mechanics
_xME
942 _2ddc
_cBK
999 _c65021
_d65021